000
00321nam a22001337a 4500
082
_a
894.812.3
_b
RAM/P
100
_a
AMACHANDRAMENON , K.P
245
_a
PANTHRANDU KATHA
_b
PANTHRANDUM RATHRIYILE KATHA
260
_a
THIRUVANANTHAPURAM
_b
PRABHATH BOOKS
300
_a
217
520
_a
NOVEL
650
_a
NOVEL
942
_c
BK
999
_c
5017
_d
5017